| 000 | 00752nam a22002531a 4500 | ||
|---|---|---|---|
| 999 |
_c89 _d89 |
||
| 001 | 89 | ||
| 003 | UkOxU | ||
| 005 | 20171011122630.0 | ||
| 008 | 170927r1984 enka b 000 0 eng d | ||
| 020 | _a0521277736 | ||
| 035 | _a(BD-JhCC)89 | ||
| 040 |
_aBD-JhCC _dBD-JhCC |
||
| 041 | _aeng | ||
| 082 |
_222 _a428.24 _bRIN 2008 |
||
| 100 | 1 | _aRinvolucri, Mario | |
| 245 | 1 | 0 |
_aGrammar games : _bcognitive, affective, and drama activities for EFL students / _cMario Rinvolucri |
| 260 |
_aCambridge : _bCambridge University Press, _c1984 |
||
| 300 |
_avi, 138 p. : _bill. ; _c25 cm |
||
| 504 | _aBibliography: p. 138 | ||
| 650 | 0 | _aEducational games | |
| 650 | 0 |
_aEnglish language _xStudy and teaching _xForeign speakers |
|
| 942 |
_2ddc _cBK |
||